Motorcycle Manufacturer by Model - Statistics

General Stats
  • This quiz has been taken 933 times
  • The average score is 9 of 28
Answer Stats
Hint Answer % Correct
Hayabusa Suzuki
77%
CB750 Honda
75%
Monster Ducati
57%
TX750 Yamaha
54%
Speed Triple Triumph
53%
Versys Kawasaki
50%
Katana Suzuki
49%
Super Glide Harley Davidson
47%
Tiger Triumph
47%
Chief Indian
43%
Super Tenere Yamaha
39%
RZ350 Yamaha
33%
Sabre Honda
32%
RC45 Honda
28%
GB500 "Tourist Trophy" Honda
27%
R90S BMW
26%
Nightster Harley Davidson
24%
Eliminator Kawasaki
23%
GT750 "Water Buffalo" Suzuki
22%
Commando Norton
21%
Black Shadow Vincent
18%
XB12 Firebolt Buell
14%
Hurricane Honda
14%
Seca Yamaha
11%
R5 Suzuki
8%
Quota Moto Guzzi
5%
Wombat Hodaka
3%
Black Magic Voxan
1%
No matching quizzes found
Score Distribution
Percent of People with Each Score
Percentile by Number Answered
Your Score History
You have not taken this quiz